[Event "Cologne Longerich op 8th"]
[Site "Cologne"]
[Date "2011.08.14"]
[Round "5"]
[White "Spradley, Julian"]
[Black "Lucassen, Mickey"]
[Result "0-1"]
[WhiteElo "1918"]
[BlackElo "1850"]
[PlyCount "94"]
[EventDate "2011.08.12"]
[EventType "swiss"]
[EventRounds "5"]
[EventCountry "GER"]
[SourceTitle "CBM 144 Extra"]
[Source "ChessBase"]
[SourceDate "2011.10.28"]
[SourceVersion "1"]
[SourceVersionDate "2011.10.28"]
[SourceQuality "1"]

1. e4 e5 2. Nf3 Nc6 3. d4 exd4 4. Nxd4 Nf6 5. Nxc6 bxc6 6. e5 Qe7 7. Qe2 Nd5 8. c4 Ba6 9. b3 g5 10. Bb2 Bg7 11. Nd2 Nf4 12. Qe3 Ng6 13. 0-0-0 Bxe5 14. Bxe5 Qxe5 15. Qxe5+ Nxe5 16. Re1 f6 17. g3 Kf7 18. Kc2 Bb7 19. Bg2 h5 20. Ne4 d6 21. Nc3 Rab8 22. h3 h4 23. g4 Ng6 24. Ne2 c5 25. Bxb7 Rxb7 26. f4 Re8 27. fxg5 fxg5 28. Nc3 Rxe1 29. Rxe1 Nf4 30. Re3 a6 31. Ne2 Nxe2 32. Rxe2 Rb8 33. Rf2+ Kg6 34. Rf5 a5 35. a3 Re8 36. Kd2 Re4 37. Rf8 Rf4 38. Rg8+ Kf6 39. Ke3 a4 40. bxa4 Rxc4 41. Rf8+ Ke7 42. Ra8 Rc3+ 43. Ke4 Rxh3 44. Ra7 Rxa3 45. Rxc7+ Kf6 46. Rc6 Rxa4+ 47. Kd5 Rd4# 0-1

[Event "Cologne Longerich op 8th"]
[Site "Cologne"]
[Date "2011.08.13"]
[Round "3"]
[White "Hiendl, David"]
[Black "Lucassen, Mickey"]
[Result "0-1"]
[WhiteElo "1442"]
[BlackElo "1850"]
[PlyCount "108"]
[EventDate "2011.08.12"]
[EventType "swiss"]
[EventRounds "5"]
[EventCountry "GER"]
[SourceTitle "EXT 2017"]
[Source "ChessBase"]
[SourceDate "2016.10.25"]
[SourceVersion "1"]
[SourceVersionDate "2016.10.25"]
[SourceQuality "1"]

1. e4 e5 2. Nf3 Nc6 3. Bc4 Bc5 4. c3 Nf6 5. d4 exd4 6. cxd4 Bb4+ 7. Nc3 d5 8. exd5 Nxd5 9. Bxd5 Qxd5 10. 0-0 Bxc3 11. bxc3 0-0 12. Re1 Bg4 13. Bf4 Rac8 14. Qe2 Na5 15. h3 Bxf3 16. Qxf3 Qxf3 17. gxf3 f6 18. Re7 Rf7 19. Rae1 Kf8 20. R7e6 Nc4 21. Kf1 Rd7 22. Ke2 c5 23. Rd1 Kf7 24. d5 Nb6 25. Rd6 Re8+ 26. Kd3 Rxd6 27. Bxd6 Rd8 28. Bxc5 Rxd5+ 29. Bd4 Nc8 30. Re1 Rh5 31. Rh1 Ra5 32. Ra1 Nd6 33. a3 b6 34. Be3 Rf5 35. f4 Rd5+ 36. Kc2 g6 37. Rd1 Rxd1 38. Kxd1 Ke6 39. Kc2 Kd5 40. Kd3 f5 41. f3 Nc4 42. Bc1 b5 43. h4 a6 44. Ke2 Na5 45. Kd3 Nb7 46. Be3 a5 47. Bf2 Nc5+ 48. Kc2 Kc4 49. Be3 Na6 50. Bc1 Nc7 51. Be3 Nd5 52. Bd4 Nxf4 53. Bf6 Nd5 54. Bd4 b4 0-1